000 00374nam a2200145 a 4500
005 20140412111424.0
008 080201s19uu xx 00 eng d
020 _a0-375-80025-5
050 _aER
_bIa6 1999
100 _aCerasini, Marc
245 _aI Am a droid /
_cMarc Cerasini.
260 _aCanada :
_bRandom House,
_c1999.
440 _aStar wars 1
999 _c106178
_d106178